000 00891nam a22002777a 4500
001 BR2012002556
003 BR-BrBNA
005 20230928103940.0
007 ta
008 230509b bl.||||| |||| 00| 0 por d
040 _aBR-BrBNA
_bpor
_cBiblioteca Nacional de Agricultura
041 _a(Por)
072 _aH10
_b7300
090 _ 7300 BR2012002556
100 1 _aAmaral, B.B.
110 1 _aUniversidade Federal de Lavras, MG (Brasil)
_0Tese (Mestrado)
245 1 _aOtimização da criação de Chrysoperda externa (Hagen, 1861)(Neuroptera: Chrysopidae)visando sua produção em escala comercial
260 3 _aLavras, MG (Brasil):
_c2011.
300 _a64 p.
500 _aSummaries (Eng, Por); 48 ref.; 11 illus.
650 _aNEUROPTERA
650 _aINSETO PARA CONTROLE BIOLÓGICO
650 _aCRIAÇÃO MASSAL
909 _a202309
_bLucia
_c55
_dLucia Elande
942 _cBK
999 _c77378
_d77378